[Event "Vaujany Principal"]
[Site "?"]
[Date "2018.07.12"]
[Round "1.1"]
[White "Mullick, Raahil"]
[Black "Antal, Gergely"]
[Result "0-1"]
[WhiteElo "2128"]
[BlackElo "2542"]
[PlyCount "98"]
[EventDate "2018.??.??"]

1. e4 c6 2. d4 d5 3. e5 c5 4. dxc5 Nc6 5. Nf3 Bg4 6. c3 e6 7. Be3 Nge7 8. Bb5
Qa5 9. Qa4 Qxa4 10. Bxa4 Bxf3 11. gxf3 O-O-O 12. f4 Nf5 13. Bxc6 bxc6 14. Bd4
g6 15. Ke2 Bh6 16. Kf3 f6 17. Na3 Rdf8 18. Nc2 Nxd4+ 19. Nxd4 fxe5 20. Nxc6
Bxf4 21. Nxa7+ Kb7 22. Nb5 Kc6 23. a4 Kxc5 24. Ke2 Rf7 25. b4+ Kc6 26. c4 Rhf8
27. f3 dxc4 28. Nc3 Rd7 29. Rhd1 Rfd8 30. b5+ Kb7 31. Rxd7+ Rxd7 32. Ne4 Kb6
33. Rd1 Rxd1 34. Kxd1 Bxh2 35. Kc2 Bg1 36. Kc3 Ka5 37. Kxc4 h5 38. Ng5 Be3 39.
Nh3 Kxa4 40. Kd3 Bd4 41. Kc4 Ka5 42. Ng5 Be3 43. Nxe6 h4 44. Nc5 h3 45. Ne4 h2
46. Ng3 Kb6 47. Nh1 Bf4 48. Nf2 e4 49. fxe4 g5 0-1

[Event "Vaujany Principal"]
[Site "?"]
[Date "2018.07.12"]
[Round "1.2"]
[White "Horvath, Jozsef"]
[Black "Zeuner, Michael"]
[Result "1-0"]
[WhiteElo "2504"]
[BlackElo "2128"]
[PlyCount "61"]
[EventDate "2018.??.??"]

1. c4 e5 2. g3 g6 3. Bg2 Bg7 4. Nc3 d6 5. d3 c5 6. a3 Nc6 7. Rb1 a5 8. e3 Be6
9. Nge2 Nge7 10. Nd5 O-O 11. O-O Rb8 12. Nec3 b5 13. Nxe7+ Nxe7 14. Nxb5 d5 15.
Qc2 Qd7 16. Bd2 d4 17. exd4 cxd4 18. Bxa5 Rfc8 19. a4 f5 20. b3 f4 21. Qe2 Bh3
22. Bd2 Rf8 23. f3 Bf5 24. Bb4 g5 25. gxf4 gxf4 26. Kh1 Kf7 27. Bxe7 Qxe7 28.
b4 Rb6 29. Rg1 Rh6 30. Bf1 Bxd3 31. Qxd3 1-0

[Event "Vaujany Principal"]
[Site "?"]
[Date "2018.07.12"]
[Round "1.3"]
[White "Skomorokhina, Tatyana"]
[Black "Womacka, Mathias"]
[Result "0-1"]
[WhiteElo "2112"]
[BlackElo "2444"]
[PlyCount "72"]
[EventDate "2018.??.??"]

1. d4 Nf6 2. Nf3 e6 3. c4 Bb4+ 4. Bd2 Qe7 5. Qc2 O-O 6. e3 Bxd2+ 7. Nbxd2 d6 8.
Bd3 e5 9. O-O Nc6 10. a3 Bg4 11. d5 Nb8 12. Bf5 Bxf3 13. Nxf3 g6 14. Bh3 c5 15.
dxc6 Nxc6 16. e4 Nh5 17. g3 Qf6 18. Bg2 Ng7 19. Rad1 Rfd8 20. Rd5 Ne6 21. Qd2
Kg7 22. b4 Rac8 23. Qe2 Rc7 24. Rfd1 Ncd4 25. Nxd4 Nxd4 26. Qd3 b5 27. cxb5 Rc3
28. Qd2 Rdc8 29. Rf1 Rxa3 30. f4 Rc2 31. Rxd4 Rxd2 32. Rxd2 exf4 33. Rxf4 Qc3
34. Rxd6 Qe3+ 35. Kh1 Ra1+ 36. Bf1 g5 0-1

[Event "Vaujany Principal"]
[Site "?"]
[Date "2018.07.12"]
[Round "1.4"]
[White "Godart, Francois"]
[Black "Chauvet, Vincent"]
[Result "1-0"]
[WhiteElo "2427"]
[BlackElo "2105"]
[PlyCount "39"]
[EventDate "2018.??.??"]

1. d4 d5 2. Nf3 Nf6 3. c4 e6 4. g3 dxc4 5. Bg2 a6 6. O-O Nc6 7. e3 Bd7 8. Qe2
Bd6 9. Qxc4 O-O 10. Nbd2 Rb8 11. b3 e5 12. Bb2 exd4 13. Nxd4 Ne5 14. Qc2 Qc8
15. f4 Neg4 16. Rae1 c5 17. N4f3 Rd8 18. h3 Nh6 19. g4 Nd5 20. Ng5 1-0

[Event "Vaujany Principal"]
[Site "?"]
[Date "2018.07.12"]
[Round "1.5"]
[White "Michalowski, Peter"]
[Black "Sundararajan, Kidambi"]
[Result "0-1"]
[WhiteElo "2104"]
[BlackElo "2425"]
[PlyCount "82"]
[EventDate "2018.??.??"]

1. e4 c5 2. Nf3 Nc6 3. d4 cxd4 4. Nxd4 e6 5. Nc3 a6 6. g3 d5 7. exd5 exd5 8.
Bg2 Nf6 9. O-O Be7 10. Re1 O-O 11. Be3 Bg4 12. Nde2 Bb4 13. Bd4 Ne4 14. Qd3 Rc8
15. Nxd5 Bxe1 16. Rxe1 Bxe2 17. Rxe2 Qxd5 18. Rxe4 Nxd4 19. Rxd4 Qxa2 20. Bxb7
Rb8 21. Be4 g6 22. b3 Qa5 23. Rd5 Qe1+ 24. Kg2 Rb6 25. Rd8 Re6 26. Bf3 Rxd8 27.
Qxd8+ Kg7 28. Qd4+ Qe5 29. Qxe5+ Rxe5 30. Kf1 a5 31. Be2 Rc5 32. Bd3 Re5 33.
Be2 g5 34. h3 f5 35. Bd3 h5 36. h4 g4 37. Be2 f4 38. gxf4 Re4 39. Bd3 Rxf4 40.
Kg1 Rf3 41. Bf1 Kf6 0-1

[Event "Vaujany Principal"]
[Site "?"]
[Date "2018.07.12"]
[Round "1.6"]
[White "Joie, Sebastien"]
[Black "Vignale, Stephane"]
[Result "1-0"]
[WhiteElo "2399"]
[BlackElo "2100"]
[PlyCount "61"]
[EventDate "2018.??.??"]

1. c4 e5 2. Nc3 Nc6 3. Nf3 d6 4. d4 exd4 5. Nxd4 Nxd4 6. Qxd4 Ne7 7. g3 Nc6 8.
Qd2 Be7 9. Bg2 O-O 10. O-O Re8 11. b3 Bf6 12. Bb2 Bg4 13. h3 Bh5 14. e4 Bd4 15.
Kh2 f6 16. f4 Bg6 17. Rae1 a5 18. Bf3 Qd7 19. Kg2 Bc5 20. Bg4 Qf7 21. Qd1 f5
22. exf5 Bxf5 23. Bh5 Bg6 24. Bf3 Qd7 25. Bd5+ Bf7 26. Ne4 Bxd5 27. cxd5 Na7
28. f5 Rxe4 29. Rxe4 Rf8 30. f6 gxf6 31. Rg4+ 1-0

[Event "Vaujany Principal"]
[Site "?"]
[Date "2018.07.12"]
[Round "1.7"]
[White "Khachatryan, Samvel S."]
[Black "Valles, Manuel"]
[Result "1/2-1/2"]
[WhiteElo "2091"]
[BlackElo "2388"]
[PlyCount "66"]
[EventDate "2018.??.??"]

1. e4 c5 2. Nc3 Nc6 3. Bb5 Nd4 4. Bc4 e6 5. Nf3 Nf6 6. O-O a6 7. Re1 b5 8. Bf1
Bb7 9. d3 d5 10. exd5 Nxd5 11. Nxd4 cxd4 12. Ne4 Rc8 13. Bg5 Be7 14. Bxe7 Qxe7
15. Qd2 O-O 16. a3 h6 17. Rac1 Rfd8 18. c4 dxc3 19. Nxc3 Nxc3 20. Rxc3 Rxc3 21.
Qxc3 Rc8 22. Qd2 Qc5 23. Qe3 Qc6 24. h3 a5 25. Qd2 a4 26. Qb4 Qd5 27. Qd2 Qg5
28. Qxg5 hxg5 29. d4 b4 30. axb4 Bd5 31. Bd3 Bb3 32. b5 Rd8 33. b6 Kf8 1/2-1/2

[Event "Vaujany Principal"]
[Site "?"]
[Date "2018.07.12"]
[Round "1.8"]
[White "Collas, Didier"]
[Black "Berta, Sandor"]
[Result "1/2-1/2"]
[WhiteElo "2380"]
[BlackElo "2083"]
[PlyCount "29"]
[EventDate "2018.??.??"]

1. c4 g6 2. e4 Bg7 3. d4 d6 4. Nf3 Nf6 5. Nc3 O-O 6. h3 e5 7. d5 Nh5 8. Be3 Na6
9. Rb1 Qe8 10. b4 f5 11. c5 Nf4 12. cxd6 cxd6 13. g3 fxe4 14. Nxe4 Qe7 15. Qb3
1/2-1/2

[Event "Vaujany Principal"]
[Site "?"]
[Date "2018.07.12"]
[Round "1.9"]
[White "Frantz, Nicolas"]
[Black "Skomorokhin, Roman"]
[Result "1-0"]
[WhiteElo "2080"]
[BlackElo "2371"]
[PlyCount "81"]
[EventDate "2018.??.??"]

1. e4 e6 2. d4 d5 3. Nd2 Nf6 4. e5 Nfd7 5. Bd3 c5 6. c3 Nc6 7. Ne2 a5 8. O-O
cxd4 9. cxd4 a4 10. Nf3 Be7 11. Nc3 Nb6 12. h4 h6 13. h5 Bd7 14. Ne1 Kf8 15.
Nc2 Nb4 16. Nxb4 Bxb4 17. Ne2 Nc8 18. Nf4 Na7 19. Qg4 Nc6 20. Ne2 Be7 21. Bd2
Qb6 22. Bc3 Nb4 23. Bb1 a3 24. b3 Rc8 25. Bxb4 Bxb4 26. Bd3 Bc3 27. Rac1 Bb2
28. Rxc8+ Bxc8 29. Rd1 Qd8 30. Rd2 Qg5 31. Qxg5 hxg5 32. Rc2 Bd7 33. Rc7 Ke8
34. g4 Kd8 35. Rxb7 Re8 36. f3 Re7 37. Rb8+ Kc7 38. Rg8 f6 39. exf6 gxf6 40. h6
f5 41. Rg7 1-0

[Event "Vaujany Principal"]
[Site "?"]
[Date "2018.07.12"]
[Round "1.10"]
[White "Konguvel, Ponnuswamy"]
[Black "Soyer, Jean Yves"]
[Result "1-0"]
[WhiteElo "2340"]
[BlackElo "2071"]
[PlyCount "81"]
[EventDate "2018.??.??"]

1. e4 c5 2. Nf3 Nc6 3. d4 cxd4 4. Nxd4 g6 5. c4 Nf6 6. Nc3 d6 7. Be2 Bg7 8. Be3
O-O 9. O-O Bd7 10. Qd2 Nxd4 11. Bxd4 Bc6 12. f3 a5 13. b3 Nd7 14. Be3 Nc5 15.
Rab1 e6 16. Bd1 Be5 17. Bc2 f5 18. exf5 gxf5 19. Nb5 Bxb5 20. cxb5 Rc8 21. Bd4
Nd7 22. Bxe5 Nxe5 23. Rbd1 Qb6+ 24. Rf2 Nf7 25. Re1 Rfe8 26. a4 Rc5 27. Kf1 Qc7
28. f4 Rc8 29. Bd1 Qe7 30. Rf3 Qf6 31. Rfe3 e5 32. Qxa5 e4 33. Qd2 Rc3 34. Bh5
Rxe3 35. Rxe3 Qa1+ 36. Kf2 Nh6 37. h3 Qf6 38. Be2 Kh8 39. Bc4 Qh4+ 40. Rg3 d5
41. Qd4+ 1-0

[Event "Vaujany Principal"]
[Site "?"]
[Date "2018.07.12"]
[Round "1.11"]
[White "Georges, Thomas"]
[Black "Meunier, Clement"]
[Result "1-0"]
[WhiteElo "2060"]
[BlackElo "2322"]
[PlyCount "57"]
[EventDate "2018.??.??"]

1. e4 e5 2. Nf3 Nc6 3. Bb5 a6 4. Ba4 Nf6 5. O-O b5 6. Bb3 Be7 7. Re1 O-O 8. h3
d6 9. c3 Na5 10. Bc2 c5 11. d4 Qc7 12. d5 c4 13. b4 cxb3 14. axb3 Bd7 15. Bd2
Nb7 16. b4 Ne8 17. Na3 g6 18. Bd3 Qd8 19. c4 f5 20. Bh6 Rf7 21. c5 dxc5 22.
Nxe5 cxb4 23. Nxf7 Kxf7 24. Nc2 fxe4 25. Bxe4 Bd6 26. Nd4 Nc5 27. Ne6 Nxe6 28.
dxe6+ Bxe6 29. Qf3+ 1-0

[Event "Vaujany Principal"]
[Site "?"]
[Date "2018.07.12"]
[Round "1.12"]
[White "Dudognon, Thibault"]
[Black "Kaloczi, Kristof"]
[Result "1/2-1/2"]
[WhiteElo "2316"]
[BlackElo "2029"]
[PlyCount "107"]
[EventDate "2018.??.??"]

1. d4 Nf6 2. c4 e6 3. g3 d5 4. Nf3 c6 5. Bg2 Nbd7 6. Qc2 Bd6 7. O-O O-O 8. Nbd2
e5 9. dxe5 Nxe5 10. cxd5 Nxd5 11. Nxe5 Bxe5 12. Nc4 Qc7 13. e4 Nb4 14. Qe2 c5
15. Rd1 b6 16. Nxe5 Qxe5 17. Bf4 Ba6 18. Qxa6 Qxf4 19. gxf4 Nxa6 20. Rd7 Nb4
21. e5 Rad8 22. Rad1 Rxd7 23. Rxd7 Nxa2 24. Rxa7 Nb4 25. Be4 g6 26. Kf1 Rd8 27.
Ke2 Rd4 28. Ke3 Nd5+ 29. Kf3 Nb4 30. Ke3 Nd5+ 31. Bxd5 Rxd5 32. Rb7 f6 33. Rxb6
fxe5 34. Ke4 Rd2 35. fxe5 Rxf2 36. Kd5 Rxh2 37. Rb8+ Kf7 38. Rb7+ Kf8 39. Kxc5
Rd2 40. b4 h5 41. b5 h4 42. b6 h3 43. Rh7 h2 44. b7 Rb2 45. Kc6 Rc2+ 46. Kd6
Rb2 47. e6 Rxb7 48. Rxh2 Rb6+ 49. Ke5 Rb1 50. Rh8+ Ke7 51. Rh7+ Ke8 52. Kf6
Rf1+ 53. Kxg6 Rg1+ 54. Kf6 1/2-1/2

[Event "Vaujany Principal"]
[Site "?"]
[Date "2018.07.12"]
[Round "1.17"]
[White "Sabatier, Mathis"]
[Black "Collas, Silvia"]
[Result "0-1"]
[WhiteElo "1938"]
[BlackElo "2266"]
[PlyCount "68"]
[EventDate "2018.??.??"]

1. d4 Nf6 2. c4 c5 3. d5 b5 4. Qc2 Na6 5. a3 Qa5+ 6. Bd2 b4 7. e4 d6 8. Nf3 Nd7
9. Bd3 g6 10. O-O Bg7 11. Re1 Rb8 12. Bf4 Qc7 13. a4 h6 14. Qe2 g5 15. Bg3 g4
16. Nh4 Ne5 17. Nf5 Bf6 18. Bxe5 Bxe5 19. Qxg4 Bxb2 20. Ra2 Bf6 21. Rae2 h5 22.
Qg3 Rb7 23. f4 Bxf5 24. exf5 h4 25. Qg4 b3 26. Nd2 Nb4 27. Bb1 Nc2 28. Ne4 Bd4+
29. Kh1 Nxe1 30. Rxe1 Kf8 31. Ng5 Qa5 32. Rd1 Bf6 33. Ne6+ fxe6 34. fxe6 Ke8
0-1

[Event "Vaujany Principal"]
[Site "?"]
[Date "2018.07.12"]
[Round "1.23"]
[White "Kantzer, Romain"]
[Black "Terbe, Zsuzsanna"]
[Result "0-1"]
[WhiteElo "1899"]
[BlackElo "2178"]
[PlyCount "64"]
[EventDate "2018.??.??"]

1. d4 d5 2. Bf4 Nf6 3. e3 c5 4. c3 Nc6 5. Nd2 e6 6. Ngf3 cxd4 7. exd4 Nh5 8.
Bg3 Be7 9. Bd3 f5 10. Be5 Nxe5 11. Nxe5 Nf6 12. Bb5+ Kf8 13. g4 g6 14. f4 Nxg4
15. Nxg4 fxg4 16. Qxg4 e5 17. f5 Bxf5 18. O-O a6 19. Rxf5+ gxf5 20. Qxf5+ Bf6
21. dxe5 axb5 22. exf6 Ra6 23. Rf1 Rg8+ 24. Kh1 Rg6 25. Qh5 Raxf6 26. Qxh7
Rxf1+ 27. Nxf1 Qf6 28. Ng3 Qf3+ 29. Kg1 Qd1+ 30. Kg2 Qc2+ 31. Kh1 Qb1+ 32. Kg2
Rxg3+ 0-1

[Event "Vaujany Principal"]
[Site "?"]
[Date "2018.07.12"]
[Round "1.25"]
[White "Teychene, Jean Louis"]
[Black "Bandet, Raphael"]
[Result "0-1"]
[WhiteElo "1877"]
[BlackElo "2160"]
[PlyCount "64"]
[EventDate "2018.??.??"]

1. d4 e6 2. c4 f5 3. Nf3 Nf6 4. g3 Be7 5. Bg2 O-O 6. O-O d6 7. Nc3 a5 8. Qc2
Nc6 9. a3 e5 10. d5 Nb8 11. Bd2 Na6 12. Ng5 Qe8 13. Ne6 Bxe6 14. dxe6 Nc5 15.
b4 Nxe6 16. Bxb7 Rb8 17. Bg2 Nd4 18. Qb1 Qh5 19. e3 Nf3+ 20. Bxf3 Qxf3 21. Qd1
Qc6 22. Qe2 axb4 23. axb4 Rxb4 24. Nd5 Nxd5 25. cxd5 Qb5 26. Qxb5 Rxb5 27. Ba5
Rc5 28. Rfc1 Ra8 29. Rxc5 dxc5 30. Kf1 e4 31. Ra3 c4 32. Ra4 Bf6 0-1

[Event "Vaujany Principal"]
[Site "?"]
[Date "2018.07.12"]
[Round "1.28"]
[White "Fodor, Balazs"]
[Black "Francois-Huagrin, Said"]
[Result "1-0"]
[WhiteElo "2147"]
[BlackElo "1821"]
[PlyCount "75"]
[EventDate "2018.??.??"]

1. d4 Nf6 2. Nf3 e6 3. c4 c5 4. Nc3 cxd4 5. Nxd4 Nc6 6. g3 Bc5 7. Nc2 O-O 8.
Bg2 a6 9. O-O b5 10. cxb5 axb5 11. Nxb5 Ba6 12. Nbd4 Nxd4 13. Nxd4 d5 14. Nf3
Qb6 15. Ne5 Bd4 16. Nd3 Ne4 17. e3 Bf6 18. Re1 Bc4 19. a3 Bb3 20. Qg4 Ra4 21.
Bxe4 Rxe4 22. Qf3 Qa5 23. Nb4 Rxb4 24. Bd2 Rf4 25. Qe2 Qa4 26. exf4 Bc4 27. Qd1
Bb3 28. Qc1 d4 29. Bb4 Rd8 30. Qd2 Bd5 31. Qd3 Qa8 32. Rad1 Bh1 33. Qf1 d3 34.
Re3 Be4 35. Bc3 Be7 36. Rexd3 Rxd3 37. Rxd3 Bf3 38. a4 1-0

[Event "Vaujany Principal"]
[Site "?"]
[Date "2018.07.12"]
[Round "1.29"]
[White "Juncker, Jules"]
[Black "Houard, Sebastien"]
[Result "0-1"]
[WhiteElo "1803"]
[BlackElo "2145"]
[PlyCount "110"]
[EventDate "2018.??.??"]

1. d4 d5 2. c4 c6 3. Nf3 Nf6 4. Nc3 e6 5. Bg5 Nbd7 6. e3 Bd6 7. Bd3 O-O 8. O-O
Qc7 9. c5 Be7 10. Qc2 h6 11. Bf4 Qd8 12. b4 Nh5 13. a4 g5 14. Be5 f5 15. g4
Nxe5 16. Nxe5 Ng7 17. gxf5 exf5 18. b5 Qe8 19. bxc6 bxc6 20. Nxc6 Qxc6 21. Nxd5
Bd8 22. Bb5 Qe6 23. c6 Kh8 24. c7 Bb7 25. cxd8=Q Raxd8 26. Nb4 Bf3 27. Be2 Be4
28. Qd2 f4 29. Bd3 a5 30. Bxe4 Qxe4 31. Nd3 Nf5 32. Nc5 Qe7 33. Qc3 Qf6 34. Qb3
Rfe8 35. Rfe1 Nh4 36. Qd1 Qf5 37. Qh5 Kg7 38. Kh1 Qh3 39. Rg1 fxe3 40. Rab1
Qf3+ 41. Qxf3 Nxf3 42. Rg3 e2 43. Rxf3 e1=Q+ 44. Rxe1 Rxe1+ 45. Kg2 Rxd4 46.
Rb3 Rg4+ 47. Kf3 Rf4+ 48. Kg2 Re2 49. Rb7+ Rf7 50. Rb5 Rfxf2+ 51. Kg1 Rg2+ 52.
Kf1 Ref2+ 53. Ke1 Rb2 54. Rb7+ Rxb7 55. Nxb7 Rxh2 0-1

[Event "Vaujany Principal"]
[Site "?"]
[Date "2018.07.13"]
[Round "2.1"]
[White "Antal, Gergely"]
[Black "Bacrot, Alexandre"]
[Result "1-0"]
[WhiteElo "2542"]
[BlackElo "2197"]
[PlyCount "63"]
[EventDate "2018.??.??"]

1. e4 c5 2. Nf3 d6 3. d4 cxd4 4. Nxd4 Nf6 5. Nc3 a6 6. h3 e5 7. Nde2 b5 8. g4
Bb7 9. Bg2 b4 10. Nd5 Nxd5 11. exd5 h5 12. g5 h4 13. Qd3 g6 14. Qe4 Nd7 15.
Qxb4 Rb8 16. Qa3 Be7 17. f4 Nb6 18. c4 O-O 19. Qd3 Nd7 20. f5 Bxg5 21. O-O Bxc1
22. Raxc1 Qg5 23. b4 a5 24. c5 e4 25. Qxe4 Nf6 26. Qf4 Qxf4 27. Rxf4 Nxd5 28.
Rd4 Nxb4 29. c6 Ba6 30. c7 Rb6 31. a3 Bxe2 32. c8=Q 1-0

[Event "Vaujany Principal"]
[Site "?"]
[Date "2018.07.13"]
[Round "2.3"]
[White "Womacka, Mathias"]
[Black "Laronche, Thomas"]
[Result "1-0"]
[WhiteElo "2444"]
[BlackElo "2164"]
[PlyCount "41"]
[EventDate "2018.??.??"]

1. e4 c5 2. Nf3 a6 3. c4 Nc6 4. d4 cxd4 5. Nxd4 e5 6. Nf5 d5 7. cxd5 Bxf5 8.
exf5 Nd4 9. Bd3 Nf6 10. O-O Nxd5 11. Nc3 Bc5 12. Be4 Nb4 13. Bxb7 Ra7 14. Qa4+
Kf8 15. Be4 Qh4 16. Be3 g6 17. f6 a5 18. a3 Na6 19. g3 Qh3 20. Qxa5 Qc8 21. Na4
1-0

[Event "Vaujany Principal"]
[Site "?"]
[Date "2018.07.13"]
[Round "2.4"]
[White "Bandet, Raphael"]
[Black "Godart, Francois"]
[Result "0-1"]
[WhiteElo "2160"]
[BlackElo "2427"]
[PlyCount "64"]
[EventDate "2018.??.??"]

1. d4 d5 2. Bf4 Nf6 3. e3 e6 4. Nf3 Bd6 5. Bg3 O-O 6. Nbd2 c5 7. c3 Nc6 8. Bd3
b6 9. e4 Be7 10. e5 Nh5 11. Ng5 Bxg5 12. Qxh5 g6 13. Qe2 cxd4 14. h4 Bh6 15.
Nf3 dxc3 16. bxc3 Qe7 17. Nh2 f5 18. exf6 Qxf6 19. O-O e5 20. Bb5 Bf4 21. Bxf4
exf4 22. Rad1 a6 23. Ba4 Ne7 24. Rfe1 Ra7 25. h5 Rc7 26. hxg6 Qxg6 27. Bb3 a5
28. Qe5 Bh3 29. Bxd5+ Nxd5 30. Qxd5+ Kh8 31. Rd3 Bxg2 32. Qxg2 Qxd3 0-1

[Event "Vaujany Principal"]
[Site "?"]
[Date "2018.07.13"]
[Round "2.5"]
[White "Sundararajan, Kidambi"]
[Black "Fodor, Balazs"]
[Result "1/2-1/2"]
[WhiteElo "2428"]
[BlackElo "2142"]
[PlyCount "93"]
[EventDate "2018.??.??"]

1. c4 c6 2. Nf3 Nf6 3. Nc3 d5 4. e3 Bf5 5. Qb3 Qb6 6. cxd5 Qxb3 7. axb3 Nxd5 8.
Bc4 e6 9. O-O Bg6 10. d4 Nd7 11. Bd2 Be7 12. Rfe1 Nb4 13. Rf1 Nf6 14. Ne5 a6
15. f3 Rd8 16. Nxg6 hxg6 17. Ne4 Nfd5 18. Rac1 O-O 19. Nc5 Bxc5 20. dxc5 a5 21.
e4 Nf6 22. Bg5 Ra8 23. Rfd1 Na6 24. Bf4 Rfe8 25. Bd6 Nd7 26. Bxa6 Rxa6 27. Bc7
Nf6 28. Ra1 Rea8 29. Ra4 Kf8 30. Rad4 Kg8 31. Rd8+ Kh7 32. Be5 Rxd8 33. Rxd8 b6
34. Bd4 bxc5 35. Bxc5 a4 36. b4 g5 37. Kf2 a3 38. bxa3 Rxa3 39. Ke2 Kg6 40. g4
Ra2+ 41. Rd2 Ra6 42. Kf2 Ne8 43. Rd7 Nf6 44. Rd3 Ne8 45. Rd7 Nf6 46. Rd3 Ne8
47. Rd7 1/2-1/2

[Event "Vaujany Principal"]
[Site "?"]
[Date "2018.07.13"]
[Round "2.6"]
[White "Schaefer, Reyk"]
[Black "Joie, Sebastien"]
[Result "0-1"]
[WhiteElo "2153"]
[BlackElo "2399"]
[PlyCount "46"]
[EventDate "2018.??.??"]

1. d4 d5 2. c4 e6 3. g3 c6 4. Bg2 dxc4 5. Nf3 b5 6. Ne5 Bb7 7. a4 a6 8. O-O Nf6
9. b3 cxb3 10. Qxb3 Be7 11. axb5 axb5 12. Rxa8 Bxa8 13. Na3 Qxd4 14. Nac4 O-O
15. Be3 bxc4 16. Nxc4 Qg4 17. Ra1 Nbd7 18. Bf3 Qg6 19. Ra7 Rb8 20. Qa4 Qb1+ 21.
Kg2 Bb7 22. Bf4 Nc5 23. Qa3 Rd8 0-1

[Event "Vaujany Principal"]
[Site "?"]
[Date "2018.07.13"]
[Round "2.7"]
[White "Houard, Sebastien"]
[Black "Konguvel, Ponnuswamy"]
[Result "0-1"]
[WhiteElo "2145"]
[BlackElo "2340"]
[PlyCount "180"]
[EventDate "2018.??.??"]

1. e4 c5 2. Nc3 e6 3. Nf3 Nc6 4. d4 cxd4 5. Nxd4 Qc7 6. Nxc6 bxc6 7. Bd3 Nf6 8.
Qe2 e5 9. O-O Be7 10. Kh1 O-O 11. f4 d6 12. fxe5 dxe5 13. Bg5 Rb8 14. Bc4 Bg4
15. Qe3 Bh5 16. Qg3 Bg6 17. Qh4 Rfe8 18. Rf3 Nh5 19. Raf1 Nf4 20. b3 Rbd8 21.
Qg3 Bxg5 22. Qxg5 Qe7 23. Qxe7 Rxe7 24. g3 Nh3 25. Rd3 Rd4 26. Re3 Rd2 27. Rd3
Rd7 28. Rxd7 Rxd7 29. Bd3 Ng5 30. Kg2 Kf8 31. Re1 Rd6 32. h4 Ne6 33. Rf1 Nc5
34. Rf3 Rd4 35. Re3 f6 36. Kf2 a5 37. a3 Bf7 38. Ke2 Ke7 39. Kd2 g6 40. Ne2 Rd8
41. Kc3 Be6 42. Kb2 Bxb3 43. cxb3 Rxd3 44. Rxd3 Nxd3+ 45. Kc2 Nc5 46. Nc3 f5
47. exf5 gxf5 48. b4 axb4 49. axb4 Ne6 50. Kd3 Nd4 51. Nd1 Ke6 52. Ne3 h5 53.
Nc4 Nb5 54. Nb6 Nc7 55. Na4 Kd6 56. Nc5 Nd5 57. Nb7+ Kc7 58. Nc5 Nxb4+ 59. Kc4
Nd5 60. Ne6+ Kd6 61. Ng7 f4 62. Nxh5 f3 63. g4 Ne3+ 64. Kd3 Nxg4 65. Ng3 Kd5
66. Ne4 c5 67. Nc3+ Ke6 68. Ne4 f2 69. Ke2 c4 70. h5 Kf5 71. Nd6+ Kf4 72. Nxc4
Kg3 73. Nd2 Kg2 74. Kd3 e4+ 75. Kxe4 Nf6+ 76. Ke3 Nxh5 77. Ke2 Nf6 78. Kd3 Ng4
79. Ke4 Nh2 80. Nc4 Kg1 81. Nd2 Kg2 82. Nc4 Nf1 83. Kf4 Kg1 84. Kg5 Kh2 85. Kg4
Kg2 86. Kf4 Nh2 87. Ne3+ Kg1 88. Kg5 Nf3+ 89. Kf4 Nd2 90. Kg3 Nf1+ 0-1

[Event "Vaujany Principal"]
[Site "?"]
[Date "2018.07.13"]
[Round "2.8"]
[White "Degeorges, Mathis"]
[Black "Nitish, Belurkar"]
[Result "0-1"]
[WhiteElo "2137"]
[BlackElo "2309"]
[PlyCount "68"]
[EventDate "2018.??.??"]

1. e4 e6 2. d4 d5 3. Nd2 Be7 4. c3 dxe4 5. Nxe4 Nf6 6. Bd3 Nbd7 7. Nf3 Nxe4 8.
Bxe4 Nf6 9. Bc2 O-O 10. Bg5 h6 11. Bh4 b6 12. Qd3 Re8 13. Bxf6 Bxf6 14. Qh7+
Kf8 15. O-O-O Bb7 16. Ba4 Qd6 17. Bxe8 Qf4+ 18. Nd2 Rxe8 19. f3 b5 20. Qd3 b4
21. Kb1 bxc3 22. Qxc3 Bxd4 23. Qb4+ c5 24. Qxb7 Rb8 25. Qe4 Rxb2+ 26. Kc1 Qb8
27. Nb3 Rxa2 28. Rxd4 cxd4 29. Qd3 Qb4 30. Kd1 Ra3 31. Kc2 Ra2+ 32. Kd1 Qa4 33.
Ke1 Ra3 34. Qxd4 Qxd4 0-1

[Event "Vaujany Principal"]
[Site "?"]
[Date "2018.07.13"]
[Round "2.9"]
[White "Frantz, Nicolas"]
[Black "Kulkarni, Bhakti"]
[Result "0-1"]
[WhiteElo "2080"]
[BlackElo "2285"]
[PlyCount "68"]
[EventDate "2018.??.??"]

1. e4 e6 2. d4 d5 3. Nd2 dxe4 4. Nxe4 Nd7 5. Nf3 Ngf6 6. Nxf6+ Nxf6 7. g3 c5 8.
Bg2 cxd4 9. Qxd4 Qxd4 10. Nxd4 a6 11. c4 Bb4+ 12. Ke2 O-O 13. a3 Bc5 14. Nb3
Bb6 15. Bd2 e5 16. Bb4 Re8 17. Bc5 Bxc5 18. Nxc5 e4 19. Rhe1 b6 20. Na4 Rb8 21.
Nc3 Be6 22. b3 b5 23. cxb5 Bxb3 24. bxa6 Bc4+ 25. Ke3 Rb3 26. Rec1 Bxa6 27. Kd2
Bd3 28. Nd1 Ng4 29. Rc3 Rbb8 30. h3 Ne5 31. Ra2 Nc4+ 32. Ke1 Rb1 33. a4 Rd8 34.
a5 Bc2 0-1

[Event "Vaujany Principal"]
[Site "?"]
[Date "2018.07.13"]
[Round "2.10"]
[White "Collas, Silvia"]
[Black "Georges, Thomas"]
[Result "1-0"]
[WhiteElo "2266"]
[BlackElo "2060"]
[PlyCount "69"]
[EventDate "2018.??.??"]

1. d4 Nf6 2. Nf3 g6 3. Nc3 c5 4. e4 cxd4 5. Nxd4 d6 6. Be2 Bg7 7. O-O O-O 8.
Re1 Nc6 9. Nb3 a6 10. a4 b6 11. Bf1 Bb7 12. Bg5 Rc8 13. Qd2 Ne5 14. Nd5 Bxd5
15. exd5 Qc7 16. Bxa6 Ra8 17. Bb5 Rfc8 18. Re2 Nc4 19. Qd4 Nh5 20. Qh4 Bxb2 21.
Rxe7 Qxe7 22. Bxe7 Bxa1 23. Nxa1 Na5 24. g4 Nf4 25. g5 Nxd5 26. Bxd6 Rd8 27.
Be5 Ne7 28. Bd3 Nac6 29. Bf6 Nd4 30. Kg2 Ndf5 31. Qg4 Rd6 32. Nb3 h5 33. Qe4
Ra7 34. Qe5 Rad7 35. Bxf5 1-0

[Event "Vaujany Principal"]
[Site "?"]
[Date "2018.07.13"]
[Round "2.11"]
[White "Roches, Yves"]
[Black "Terbe, Julianna"]
[Result "0-1"]
[WhiteElo "1854"]
[BlackElo "2238"]
[PlyCount "54"]
[EventDate "2018.??.??"]

1. d4 d5 2. Nf3 Nf6 3. Bf4 c5 4. e3 Nc6 5. c3 Qb6 6. Qb3 c4 7. Qxb6 axb6 8.
Nbd2 b5 9. Be2 b4 10. Ne5 e6 11. Nxc6 bxc6 12. O-O bxc3 13. bxc3 Ba3 14. Rfb1
O-O 15. Bd1 Ba6 16. h3 Bb5 17. Kf1 Ra7 18. f3 Nd7 19. Bg3 Nb6 20. Be1 Na4 21.
Bxa4 Bxa4 22. Rb6 Bb5 23. Rb1 Be7 24. Bg3 Rxa2 25. Rb8 Rxb8 26. Bxb8 Rc2 27.
Ra1 h6 0-1

[Event "Vaujany Principal"]
[Site "?"]
[Date "2018.07.13"]
[Round "2.12"]
[White "Valles, Manuel"]
[Black "Tanishka, Kotia"]
[Result "1-0"]
[WhiteElo "2388"]
[BlackElo "1910"]
[PlyCount "93"]
[EventDate "2018.??.??"]

1. c4 e6 2. Nf3 Nf6 3. Nc3 d5 4. e3 c5 5. cxd5 exd5 6. d4 Nc6 7. Be2 cxd4 8.
Nxd4 Qb6 9. O-O Be7 10. Na4 Qd8 11. b3 O-O 12. Bb2 Ne4 13. Rc1 Nxd4 14. Qxd4
Bf6 15. Qb4 b6 16. Bf3 Bxb2 17. Nxb2 Bb7 18. Nd3 a5 19. Qd4 Nd2 20. Rfd1 Nxf3+
21. gxf3 Qd6 22. Nf4 Rfd8 23. Kh1 Rd7 24. Rg1 f6 25. Rg3 Rf8 26. Rcg1 Rff7 27.
Rh3 Qc5 28. Qd3 f5 29. Ne6 Qe7 30. Nd4 Qf6 31. Rh5 g6 32. Rxf5 Qh4 33. Rg3 Kf8
34. Ne6+ Ke8 35. Re5 Rfe7 36. Rxg6 hxg6 37. Qxg6+ Rf7 38. Ng5+ Kf8 39. Ne6+ Ke8
40. Qg8+ Ke7 41. Nd4+ Kd6 42. Re6+ Kc5 43. Qg1 Kb4 44. a3+ Kxa3 45. Qa1+ Kb4
46. Rxb6+ Kc5 47. Qxa5# 1-0

[Event "Vaujany Principal"]
[Site "?"]
[Date "2018.07.13"]
[Round "2.13"]
[White "Kaloczi, Kristof"]
[Black "Collas, Didier"]
[Result "1/2-1/2"]
[WhiteElo "2029"]
[BlackElo "2380"]
[PlyCount "84"]
[EventDate "2018.??.??"]

1. b3 e5 2. Bb2 Nc6 3. e3 Nf6 4. Bb5 Bd6 5. Na3 Na5 6. Be2 Qe7 7. Nb5 b6 8. d3
c5 9. Nxd6+ Qxd6 10. Nf3 Nc6 11. O-O O-O 12. c4 Qe7 13. d4 d6 14. a3 Bb7 15.
dxe5 Nxe5 16. Qc2 Nxf3+ 17. Bxf3 Bxf3 18. gxf3 d5 19. cxd5 Nxd5 20. Qf5 Rad8
21. Rad1 Nc7 22. Kh1 f6 23. Rg1 Rxd1 24. Rxd1 Rd8 25. Qc2 Rd7 26. Kg2 h6 27.
Qc4+ Kf8 28. Rxd7 Qxd7 29. b4 Qd2 30. Bc1 Qd5 31. Qf4 Ne8 32. bxc5 bxc5 33. e4
Qb3 34. e5 Qc3 35. Be3 c4 36. exf6 Nxf6 37. Bd4 Qxa3 38. Bxf6 gxf6 39. Qxf6+
Ke8 40. Qe6+ Qe7 41. Qxc4 Qg5+ 42. Kf1 a5 1/2-1/2